Pokémon with Different Names in Spanish - Statistics

General Stats
  • This quiz has been taken 12 times
  • The average score is 15 of 19
Answer Stats
Gen Spanish Name English Name % Correct
IX Colagrito Scream Tail
100%
IX Colmilargo Great Tusk
89%
IX Ferropalmas Iron Hands
89%
IX Ferropolilla Iron Moth
89%
IX Ferropaladín Iron Valiant
89%
IX Bramaluna Roaring Moon
89%
VII Código Cero Type: Null
89%
IX Furioseta Brute Bonnet
78%
IX Melenaleteo Flutter Mane
78%
IX Ferrosaco Iron Bundle
78%
IX Ferroverdor Iron Leaves
78%
IX Ferropúas Iron Thorns
78%
IX Ferrodada Iron Treads
78%
IX Electrofuria Raging Bolt
78%
IX Ferrocuello Iron Jugulis
67%
IX Pelarena Sandy Shocks
67%
IX Ondulagua Walking Wake
67%
IX Ferrotesta Iron Crown
56%
IX Reptalada Slither Wing
56%
No matching quizzes found
Score Distribution
Percent of People with Each Score
Percentile by Number Answered
Your Score History
You have not taken this quiz